| 000 | 00992nam a2200289Ia 4500 | ||
|---|---|---|---|
| 003 | OSt | ||
| 005 | 20221007125454.0 | ||
| 006 | a|||||r|||| 00| 0 | ||
| 007 | ta | ||
| 008 | 221006b |||||||| |||| 00| 0 eng d | ||
| 020 |
_a0470843071 (pbk) _c _ 30.00 |
||
| 024 | _a11177 | ||
| 037 |
_bDhanraj, _cTextual |
||
| 040 |
_aCDL _cCDL _beng |
||
| 041 |
_2eng _aeng |
||
| 082 | _aLZ3:(E), P3;1 | ||
| 100 |
_aThomas Gareth _9423622 |
||
| 245 | 0 | _aFundamentals of medicinal chemistry by Gareth Thomas | |
| 250 | _aEd 2 | ||
| 260 |
_aNew _bYork John Wiley Sons, Inc. _c2003 |
||
| 300 |
_axv, 285p _ccm. |
||
| 500 | _aAppendix 1-12, 239-260p; Index 275-285p; ^n23/CSL/CARC/2003-2004/956^d2003-11-06^mPurchase; ; 2003-04/555^b2003-12-09^c2197^d2003-12-02^eRs.2,484.00^fDhanraj Book House; ; 2004-01-15^bSB^c2004-01-15^dVinay | ||
| 650 | _a Chemistry | ||
| 650 | _aPharmacology | ||
| 942 |
_hLZ3:(E), P3;1 _cTEXL _2CC |
||
| 999 |
_c1215344 _d1215344 |
||